[Event "Women's Speed Chess Q2"]
[Site "chess.com INT"]
[Date "2021.05.29"]
[Round "2"]
[White "Daulyte-Cornette, Deimante"]
[Black "Vaishali, R"]
[Result "1/2-1/2"]
[WhiteTitle "IM"]
[BlackTitle "WGM"]
[WhiteElo "2387"]
[BlackElo "2393"]
[WhiteFideId "12802859"]
[BlackFideId "5091756"]
[EventDate "2021.05.29"]

1. e4 c5 2. Nc3 Nc6 3. Bb5 Nd4 4. Nf3 a6 5. Bd3 e6 6. Nxd4 cxd4 7. Ne2 Qb6 8.
O-O Nf6 9. Kh1 d6 10. f4 e5 11. Qe1 Be7 12. b3 h5 13. a4 h4 14. Ba3 h3 15. g3
Qc6 16. Ng1 Bf5 17. fxe5 Nxe4 18. Nf3 O-O 19. Kg1 Bg6 20. Nxd4 Qb6 21. c3 dxe5
22. Bxe7 exd4 23. c4 Rfe8 24. Bxe4 Rxe7 25. d3 Rae8 26. Qf2 Bxe4 27. dxe4 Qg6
28. Qxd4 Rxe4 29. Qf2 Re2 30. Qf3 R8e3 31. Qxb7 Rg2+ 32. Kh1 Re8 33. Rae1 Rxe1
34. Rxe1 Kh7 35. Qf3 f5 36. c5 Rc2 37. b4 Qg4 38. Qxg4 fxg4 39. Kg1 Kg6 40. Rb1
Kf6 41. b5 Rxc5 42. b6 Rc8 43. b7 Rb8 44. Rb6+ Ke7 45. a5 Kd7 46. Kf2 Kc7 47.
Ke3 Rxb7 48. Rxa6 Rb2 49. Kf4 Rxh2 50. Kxg4 Rh1 51. Ra7+ Kc6 52. Rxg7 Kb5 53.
Rg5+ Ka6 54. Rh5 h2 55. Kg5 Kxa5 56. g4 Kb6 57. Kg6 Kc6 58. g5 Kd7 59. Kg7 Ke6
60. g6 Ke7 61. Rh3 Ke6 62. Rh5 Ke7 63. Re5+ Kd6 64. Rh5 Ke6 65. Rh3 Ke7 66. Rh5
Ke6 67. Rh4 Ke7 68. Rh3 Ke6 69. Rh4 Ke7 70. Rh3 1/2-1/2

[Event "Women's Speed Chess Q2"]
[Site "chess.com INT"]
[Date "2021.05.29"]
[Round "2"]
[White "Marjanovic, Annamaria"]
[Black "Vo, Thi Kim Phung"]
[Result "0-1"]
[WhiteTitle "WGM"]
[BlackTitle "WGM"]
[WhiteElo "2338"]
[BlackElo "2335"]
[WhiteFideId "750930"]
[BlackFideId "12401838"]
[EventDate "2021.05.29"]

1. c4 Nf6 2. g3 e6 3. Bg2 d5 4. Nf3 b6 5. O-O Bb7 6. b3 Be7 7. cxd5 exd5 8. Bb2
O-O 9. d4 Nbd7 10. Ne5 Ne4 11. Nd2 Ndf6 12. Rc1 Bd6 13. Qc2 Re8 14. Ndf3 c5 15.
Nd3 Rc8 16. dxc5 bxc5 17. Qb1 Qa5 18. Rfd1 Ba6 19. e3 Ng4 20. h3 Bxd3 21. Rxd3
Ngxf2 22. Rxd5 Bxg3 23. Ng5 f5 24. Rxf5 Qd2 25. Nxe4 Nxe4 26. Rf3 Bf2+ 27. Kh1
Bxe3 28. Rd1 Nf2+ 29. Rxf2 Qxf2 30. Rf1 Qg3 31. Qd3 Bf4 32. Qc4+ Kh8 33. Qxf4
Qxf4 34. Rxf4 Re1+ 35. Rf1 Re2 36. Bc3 Rxa2 37. Bd5 Rc2 38. Be5 Re2 39. Ba1 Rd8
40. Bc4 Re7 41. Bc3 Rde8 42. Rg1 Rd8 43. h4 h6 44. h5 Red7 45. Rg6 Kh7 46. Be6
Re7 47. Bf5 Rd1+ 48. Kg2 Kg8 49. Bg4 Rc1 50. Ba5 Rc2+ 51. Kh3 Re3+ 52. Bf3 Rxf3+
53. Kg4 Rf7 54. Rc6 Re2 55. Rc8+ Kh7 56. Rc6 Re4+ 57. Kg3 c4 58. bxc4 Re5 59.
Bc3 Rxh5 60. Kg4 Rg5+ 61. Kh4 Rg6 62. Rxg6 Kxg6 63. c5 Rc7 64. Bd4 Rc6 65. Kg4
a5 66. Kf4 a4 67. Ke4 Rc8 68. Kd5 a3 69. c6 h5 70. Kd6 h4 71. Kd7 Rxc6 72. Kxc6
h3 73. Kd5 h2 0-1

[Event "Women's Speed Chess Q2"]
[Site "chess.com INT"]
[Date "2021.05.29"]
[Round "2"]
[White "Atalik, Ekaterina"]
[Black "Linares Napoles, Oleiny"]
[Result "1-0"]
[WhiteTitle "IM"]
[BlackTitle "WGM"]
[WhiteElo "2430"]
[BlackElo "2255"]
[WhiteFideId "4130189"]
[BlackFideId "3504794"]
[EventDate "2021.05.29"]

1. Nf3 g6 2. g3 Bg7 3. d4 Nf6 4. Bg2 O-O 5. O-O d6 6. b3 c6 7. Bb2 Bf5 8. c4 Qc8
9. Nbd2 a5 10. a3 Na6 11. Re1 Ne4 12. Nh4 Nxd2 13. Qxd2 Bh3 14. Bh1 e5 15. Nf3
Qc7 16. Rad1 Rad8 17. dxe5 dxe5 18. Qe3 f6 19. Nd2 Rd7 20. Ne4 Rfd8 21. Rxd7
Rxd7 22. c5 h5 23. Nd6 Nxc5 24. Ne8 Qb6 25. Rc1 Qxb3 26. Qxb3+ Nxb3 27. Rb1 Nd2
28. Re1 Nc4 29. Bc3 Kf7 30. Nxg7 Kxg7 31. f4 exf4 32. gxf4 Bg4 33. Kf2 Nxa3 34.
Bxa5 Nc4 35. Bc3 Be6 36. e4 Rd3 37. Rc1 b5 38. Bg2 Kf7 39. Bf1 Rd8 40. Bb4 Ra8
41. Rc2 Ra4 42. Bc5 Ra1 43. f5 gxf5 44. exf5 Bxf5 45. Bxc4+ bxc4 46. Rxc4 Be6
47. Rc3 Bd5 48. Rc2 Kg7 49. Bd4 Rh1 50. Ke3 Kg6 51. Bc5 Kf5 52. Kd4 Ke6 53. Re2+
Kf7 54. Rf2 h4 55. Ke3 h3 56. Kf4 Kg6 57. Kg3 Bg2 58. Bd4 f5 59. Re2 Kg5 60.
Be3+ Kh5 61. Bf4 Kg6 62. Re6+ Kf7 63. Re5 Rf1 64. Rxf5+ Kg6 65. Rg5+ Kf6 66. Rg4
Rf3+ 67. Kh4 Kf5 68. Bg3 Rc3 69. Rg5+ Kf6 70. Rg4 Ke6 71. Rf4 1-0

[Event "Women's Speed Chess Q2"]
[Site "chess.com INT"]
[Date "2021.05.29"]
[Round "2"]
[White "Padmini, Rout"]
[Black "Borisova, Ekaterina"]
[Result "0-1"]
[WhiteTitle "IM"]
[BlackTitle "FM"]
[WhiteElo "2370"]
[BlackElo "2268"]
[WhiteFideId "5029295"]
[BlackFideId "34124184"]
[EventDate "2021.05.29"]

1. e4 e5 2. Nf3 Nc6 3. Bc4 Nf6 4. d3 h6 5. c3 g5 6. d4 d6 7. dxe5 dxe5 8. Qxd8+
Nxd8 9. Nbd2 Nd7 10. Nf1 Nb6 11. Bb3 Bg7 12. Ng3 Nc6 13. Be3 Bg4 14. h3 Bd7 15.
O-O-O Bf8 16. Bxb6 axb6 17. Bxf7+ Ke7 18. Bb3 Bg7 19. Rd3 Raf8 20. Rhd1 Bc8 21.
R3d2 Na5 22. Kc2 Nxb3 23. axb3 c6 24. Nh2 h5 25. Nf3 g4 26. Nh4 Bh6 27. Re2 gxh3
28. Ng6+ Ke8 29. Nxh8 Rxh8 30. gxh3 Bxh3 31. f3 Bf4 32. Nf5 Bxf5 33. exf5 h4 34.
Rh1 h3 35. Kd3 Kf7 36. Ke4 Kf6 37. Rd1 h2 38. Rh1 Rh4 39. Rg2 Bc1+ 40. Kd3 Bf4
41. Rg6+ Kxf5 42. Rg7 Rh3 43. Ke2 Rh6 44. Rxb7 Rd6 45. Rf7+ Ke6 46. Rh7 Rd2+ 47.
Kf1 Rxb2 48. b4 Kd5 49. Rh6 c5 50. Rxb6 cxb4 51. Rxb4 Rc2 52. Rb5+ Kc4 53. Rb4+
Kd3 54. Re4 Rxc3 55. Kg2 Rc2+ 56. Kh3 Rd2 57. Kg4 Rg2+ 58. Kf5 Rg1 59. Rxh2 Bxh2
60. Ra4 Bf4 61. Ra3+ Ke2 62. Ke4 Kf2 63. Ra2+ Kg3 64. Ra7 Re1+ 65. Kf5 Kxf3 66.
Ra3+ Re3 67. Ra2 Bg3 68. Ke6 Re1 69. Ra4 e4 70. Kf5 e3 71. Ra2 Bf2 72. Ke5 Rd1
73. Kf5 e2 74. Ra3+ Be3 75. Ra2 e1=Q 76. Rh2 Rd5+ 77. Ke6 Qa5 78. Rh3+ Ke4 79.
Rh4+ Bf4 80. Rh1 Rd6+ 81. Ke7 Qc7+ 82. Ke8 Rd8# 0-1

[Event "Women's Speed Chess Q2"]
[Site "chess.com INT"]
[Date "2021.05.29"]
[Round "3"]
[White "Frayna, Janelle Mae"]
[Black "Kiran, Manisha Mohanty"]
[Result "0-1"]
[WhiteTitle "WGM"]
[BlackTitle "WGM"]
[WhiteElo "2179"]
[BlackElo "2168"]
[WhiteFideId "5212499"]
[BlackFideId "5019575"]
[EventDate "2021.05.29"]

1. d4 Nf6 2. c4 g6 3. Nc3 d5 4. cxd5 Nxd5 5. Bd2 Nb6 6. Nf3 Bg7 7. Bf4 O-O 8. e3
Nc6 9. Be2 Bg4 10. O-O a5 11. h3 Be6 12. Rc1 a4 13. Nd2 a3 14. b3 Nb4 15. Nde4
N6d5 16. Nxd5 Bxd5 17. Nc5 Nxa2 18. Ra1 Nc3 19. Qd2 Nxe2+ 20. Qxe2 b6 21. Nd3
Bxb3 22. Rfc1 c5 23. Ne5 cxd4 24. exd4 Qxd4 25. Qb5 Qxf4 0-1

[Event "Women's Speed Chess Q2"]
[Site "chess.com INT"]
[Date "2021.05.29"]
[Round "3"]
[White "Cori T., Deysi"]
[Black "Bommini, Mounika Akshaya"]
[Result "1-0"]
[WhiteTitle "WGM"]
[BlackTitle "WFM"]
[WhiteElo "2388"]
[BlackElo "2029"]
[WhiteFideId "3801934"]
[BlackFideId "25019872"]
[EventDate "2021.05.29"]

1. Nf3 d5 2. d4 Nf6 3. g3 Bg4 4. Bg2 Nbd7 5. Ne5 Bh5 6. c4 e6 7. Qb3 Rb8 8. Nc3
c6 9. O-O Bd6 10. Bf4 Bxe5 11. dxe5 Ng4 12. cxd5 exd5 13. e4 d4 14. e6 Nde5 15.
h3 dxc3 16. hxg4 1-0

[Event "Women's Speed Chess Q2"]
[Site "chess.com INT"]
[Date "2021.05.29"]
[Round "3"]
[White "Kairbekova, Amina"]
[Black "Von Herman, Brigitte"]
[Result "1-0"]
[WhiteTitle "WFM"]
[BlackTitle "WFM"]
[WhiteElo "2132"]
[BlackElo "1991"]
[WhiteFideId "13712799"]
[BlackFideId "4628730"]
[EventDate "2021.05.29"]

1. e4 e5 2. Nf3 Nc6 3. Nc3 Nf6 4. Be2 Bc5 5. Nxe5 Nxe5 6. d4 Bxd4 7. Qxd4 Nc6 8.
Qd1 d6 9. O-O O-O 10. f4 Re8 11. Bd3 Nb4 12. Qf3 Nxd3 13. cxd3 c6 14. f5 h6 15.
g4 Qb6+ 16. Kh1 d5 17. g5 dxe4 18. dxe4 hxg5 19. Bxg5 Nd7 20. f6 Qxb2 21. fxg7
Kxg7 22. Qxf7+ 1-0

[Event "Women's Speed Chess Q2"]
[Site "chess.com INT"]
[Date "2021.05.29"]
[Round "3"]
[White "Sukandar, Irine Kharisma"]
[Black "Priyanka, K"]
[Result "1-0"]
[WhiteTitle "IM"]
[BlackTitle "WIM"]
[WhiteElo "2413"]
[BlackElo "2218"]
[WhiteFideId "7101937"]
[BlackFideId "5082986"]
[EventDate "2021.05.29"]

1. e4 c5 2. Nf3 d6 3. c3 Nf6 4. Bd3 e6 5. Bc2 Be7 6. d4 Nbd7 7. O-O b6 8. e5
dxe5 9. dxe5 Nd5 10. c4 Nb4 11. Be4 Rb8 12. a3 Na6 13. Nc3 Qc7 14. Nb5 Qd8 15.
Nxa7 Bb7 16. Bxb7 Rxb7 17. Nc6 Qc7 18. Nxe7 Kxe7 19. Bg5+ f6 20. exf6+ gxf6 21.
Bh4 Rg8 22. Re1 Kf7 23. Qd3 Rg6 24. Qe4 Nf8 25. Bg3 Qe7 26. Bd6 f5 27. Ne5+ Ke8
28. Qc6+ 1-0

[Event "Women's Speed Chess Q2"]
[Site "chess.com INT"]
[Date "2021.05.29"]
[Round "3"]
[White "Sliwicka, Alicja"]
[Black "Komiagina, Maria"]
[Result "0-1"]
[WhiteTitle "WIM"]
[BlackTitle "WIM"]
[WhiteElo "2346"]
[BlackElo "2241"]
[WhiteFideId "1150677"]
[BlackFideId "4153987"]
[EventDate "2021.05.29"]

1. e4 c5 2. Nf3 Nc6 3. d4 cxd4 4. Nxd4 Nf6 5. Nc3 d6 6. Bg5 e6 7. Bb5 Bd7 8.
Bxc6 bxc6 9. Qf3 Rc8 10. O-O-O h6 11. Bh4 Be7 12. Nb3 e5 13. Bxf6 gxf6 14. Ne2
a5 15. c4 Rg8 16. h3 a4 17. Na1 Qb6 18. Ng3 Rb8 19. Qe2 a3 20. b3 f5 21. exf5
Qb4 22. Qd2 Bg5 0-1

[Event "Women's Speed Chess Q2"]
[Site "chess.com INT"]
[Date "2021.05.29"]
[Round "3"]
[White "Ribeiro, Regina"]
[Black "Zaksaite, Salomeja"]
[Result "0-1"]
[WhiteTitle "WIM"]
[BlackTitle "WIM"]
[WhiteElo "1920"]
[BlackElo "2202"]
[WhiteFideId "2100681"]
[BlackFideId "12801496"]
[EventDate "2021.05.29"]

1. Nf3 g6 2. d4 Bg7 3. c4 b6 4. e3 Bb7 5. Be2 e6 6. O-O Ne7 7. Nc3 d6 8. b3 O-O
9. Bb2 Nd7 10. Qc2 a6 11. Rad1 h6 12. Rfe1 Qb8 13. e4 Qa7 14. a3 Rac8 15. b4 Qa8
16. d5 e5 17. Nh4 f5 18. exf5 gxf5 19. Bh5 b5 20. Ng6 Nxg6 21. Bxg6 e4 22. Ne2
Ne5 23. Bxe5 Bxe5 24. Ng3 Kg7 25. Bxf5 Bxg3 26. Bxc8 Bxf2+ 27. Kh1 Bxe1 28. Bxb7
Rf1# 0-1

[Event "Women's Speed Chess Q2"]
[Site "chess.com INT"]
[Date "2021.05.29"]
[Round "3"]
[White "Tarasova, Viktoriya"]
[Black "Nguyen, Hong Anh"]
[Result "0-1"]
[WhiteTitle "WIM"]
[BlackTitle "WIM"]
[WhiteElo "2226"]
[BlackElo "1993"]
[WhiteFideId "4175840"]
[BlackFideId "12406732"]
[EventDate "2021.05.29"]

1. d4 Nf6 2. c4 g6 3. Nc3 d5 4. cxd5 Nxd5 5. e4 Nxc3 6. bxc3 Bg7 7. Bc4 c5 8.
Ne2 O-O 9. Be3 Nc6 10. O-O Qc7 11. Rc1 Rd8 12. h4 Na5 13. Bd3 b6 14. h5 Bb7 15.
hxg6 hxg6 16. f3 Rac8 17. Qd2 Nc6 18. d5 Ne5 19. c4 e6 20. Bf4 Qd7 21. Nc3 a6
22. Rb1 exd5 23. exd5 b5 24. cxb5 Bxd5 25. Be2 axb5 26. Nxd5 Qxd5 27. Qxd5 Rxd5
28. Bxb5 Nd3 29. Be3 Re5 30. Bd2 Rd5 31. Be3 c4 32. a4 Re5 33. Bd4 Rxb5 34. Bxg7
Rxb1 35. Rxb1 Kxg7 36. Kf1 c3 37. Ke2 c2 0-1

[Event "Women's Speed Chess Q2"]
[Site "chess.com INT"]
[Date "2021.05.29"]
[Round "3"]
[White "Froewis, Annika"]
[Black "Varney, Zoe"]
[Result "1-0"]
[WhiteTitle "WFM"]
[BlackTitle "WCM"]
[WhiteElo "2143"]
[BlackElo "1917"]
[WhiteFideId "1621432"]
[BlackFideId "436135"]
[EventDate "2021.05.29"]

1. d4 d5 2. Nc3 Nf6 3. Bf4 e6 4. e3 a6 5. a3 c5 6. Nf3 Nc6 7. Be2 c4 8. O-O b5
9. Bg5 Be7 10. h3 h6 11. Bh4 O-O 12. b3 Bb7 13. Qd2 Ne4 14. Nxe4 dxe4 15. Bxe7
Qxe7 16. Ne5 f5 17. Ng6 Qf6 18. Nxf8 Rxf8 19. bxc4 f4 20. exf4 Nxd4 21. cxb5 Rd8
22. Qe3 Nxc2 23. Qb6 Bd5 24. Rac1 Qg6 25. Qxd8+ 1-0

[Event "Women's Speed Chess Q2"]
[Site "chess.com INT"]
[Date "2021.05.29"]
[Round "3"]
[White "Gaponenko, Inna"]
[Black "Martynkova, Olena"]
[Result "1/2-1/2"]
[WhiteTitle "IM"]
[BlackTitle "WIM"]
[WhiteElo "2357"]
[BlackElo "2195"]
[WhiteFideId "14101181"]
[BlackFideId "14134039"]
[EventDate "2021.05.29"]

1. e4 e5 2. Nf3 Nc6 3. Bb5 a6 4. Bxc6 dxc6 5. O-O Bg4 6. h3 Bxf3 7. Qxf3 Bd6 8.
c3 Ne7 9. d4 Ng6 10. Nd2 O-O 11. Nc4 Qe7 12. Ne3 Rfe8 13. Nf5 Qf6 14. g3 Qe6 15.
Re1 Ne7 16. dxe5 Bxe5 17. Nxe7+ Rxe7 18. Be3 Qxh3 19. Rad1 Rd7 20. Rxd7 Qxd7 21.
Rd1 Qe8 22. Bf4 Bxf4 23. Qxf4 Rd8 24. Rxd8 Qxd8 25. Kg2 Qd6 26. Qf5 Qe6 27. Qf4
Qd6 28. Qf5 Qe6 29. Qf4 Qd6 1/2-1/2

[Event "Women's Speed Chess Q2"]
[Site "chess.com INT"]
[Date "2021.05.29"]
[Round "3"]
[White "Vine, Elzbieta"]
[Black "Ovezdurdiyeva, Jemal"]
[Result "0-1"]
[WhiteTitle "WFM"]
[BlackTitle "WFM"]
[WhiteElo "2138"]
[BlackElo "2061"]
[WhiteFideId "1119320"]
[BlackFideId "14001888"]
[EventDate "2021.05.29"]

1. e4 d6 2. d4 Nf6 3. Nc3 g6 4. f4 Bg7 5. Nf3 O-O 6. Bc4 c6 7. O-O b5 8. Bb3 b4
9. e5 bxc3 10. exf6 cxb2 11. Bxb2 Bxf6 12. Qc1 a5 13. d5 Bxb2 14. Qxb2 Qb6+ 15.
Kh1 a4 16. dxc6 axb3 17. cxb3 Nxc6 18. Nh4 Qd4 19. Qc2 Nb4 20. Qe2 Ba6 21. Qxe7
Bxf1 22. Rxf1 Rxa2 23. f5 Nd5 24. Qg5 f6 25. Qh6 Qe3 26. Qxh7+ Kxh7 27. fxg6+
Kg8 0-1

[Event "Women's Speed Chess Q2"]
[Site "chess.com INT"]
[Date "2021.05.29"]
[Round "3"]
[White "Kulkarni, Bhakti"]
[Black "Mrudul, Dehankar"]
[Result "1-0"]
[WhiteTitle "IM"]
[BlackTitle "WIM"]
[WhiteElo "2391"]
[BlackElo "2256"]
[WhiteFideId "5019516"]
[BlackFideId "25096990"]
[EventDate "2021.05.29"]

1. d4 Nf6 2. Nf3 e6 3. e3 b6 4. Bd3 Bb7 5. O-O c5 6. c4 Be7 7. Nc3 d6 8. d5 e5
9. e4 Nbd7 10. Ne1 Nf8 11. g3 Ng6 12. f4 h5 13. h4 exf4 14. Bxf4 Ng4 15. Nf3
Nxf4 16. gxf4 Ne3 17. Qa4+ Kf8 18. Rfe1 Ng4 19. Ng5 Bf6 20. Qc2 Bd4+ 21. Kg2 Be3
22. Ne2 Bf2 23. Qc3 Bxe1 24. Rxe1 Qe7 25. Ng3 Kg8 26. Nf5 Qf8 27. e5 Bc8 28.
Nxd6 Bd7 29. Ndxf7 1-0

[Event "Women's Speed Chess Q2"]
[Site "chess.com INT"]
[Date "2021.05.29"]
[Round "3"]
[White "Mahalakshmi, M"]
[Black "Chu, Ruotong"]
[Result "1-0"]
[WhiteTitle "WIM"]
[BlackTitle "WIM"]
[WhiteElo "2253"]
[BlackElo "2207"]
[WhiteFideId "5001080"]
[BlackFideId "8605653"]
[EventDate "2021.05.29"]

1. d4 d5 2. c4 dxc4 3. e3 Nf6 4. Bxc4 e6 5. Nf3 a6 6. O-O c5 7. Bb3 Nc6 8. Nc3
Be7 9. dxc5 Qxd1 10. Rxd1 Bxc5 11. Na4 Ba7 12. Bd2 Ne4 13. Be1 O-O 14. Rac1 Rd8
15. Rxd8+ Nxd8 16. Ne5 b5 17. Nc3 Nc5 18. Bc2 f6 19. Nd3 Ndb7 20. Nxc5 Nxc5 21.
Ne4 Nxe4 22. Bxe4 Rb8 23. Rc7 Bb6 24. Rc6 Kf7 25. Bb4 a5 26. Bd6 Rb7 27. Rxc8
Rd7 28. Rc6 Bd8 29. g3 f5 30. Bf3 Bf6 31. b3 g5 32. Rc7 Ke8 33. Bc6 1-0

[Event "Women's Speed Chess Q2"]
[Site "chess.com INT"]
[Date "2021.05.29"]
[Round "3"]
[White "Mendoza, Shania Mae"]
[Black "Golubeva, Oksana"]
[Result "1-0"]
[WhiteTitle "WFM"]
[BlackTitle "WFM"]
[WhiteElo "2158"]
[BlackElo "2179"]
[WhiteFideId "5211158"]
[BlackFideId "4170164"]
[EventDate "2021.05.29"]

1. e4 e6 2. d4 d5 3. Nc3 Bb4 4. exd5 exd5 5. Bd3 Nc6 6. a3 Be7 7. Be3 Nf6 8. h3
Be6 9. Qf3 Qd7 10. Nge2 O-O-O 11. O-O-O Rhe8 12. Kb1 Na5 13. g4 Nc4 14. Bc1 h6
15. Nf4 Bf8 16. Bxc4 dxc4 17. d5 Bxg4 18. hxg4 Nxg4 19. Rhe1 Ne5 20. Qg3 g5 21.
Nh5 Qd6 22. Ne4 Qb6 23. Nef6 Bd6 24. Nxe8 Nd3 25. Qg4+ f5 26. Qxf5+ Kb8 27. cxd3
c3 28. Nxd6 cxd6 29. d4 Rc8 30. Re2 Qb3 31. Qc2 Qxd5 32. bxc3 a6 33. Nf6 Qc4 34.
Qb2 Ka7 35. d5 Ka8 36. Nd7 Ka7 37. Nb6 Qf4 38. Nxc8+ 1-0

[Event "Women's Speed Chess Q2"]
[Site "chess.com INT"]
[Date "2021.05.29"]
[Round "3"]
[White "Nomin-Erdene, Davaademberel"]
[Black "Eswaran, Aksithi"]
[Result "1-0"]
[WhiteTitle "IM"]
[BlackTitle "WCM"]
[WhiteElo "2382"]
[BlackElo "1745"]
[WhiteFideId "4900782"]
[BlackFideId "2083485"]
[EventDate "2021.05.29"]

1. f4 d5 2. Nf3 c5 3. g3 Nc6 4. Bg2 e6 5. O-O Bd6 6. d3 Nf6 7. Qe1 O-O 8. e4
dxe4 9. dxe4 e5 10. c3 Re8 11. f5 b6 12. Na3 Ba6 13. Rf2 Bd3 14. Bg5 h6 15. Bxf6
Qxf6 16. c4 Nd4 17. Rd1 Be2 18. Rxe2 Nxe2+ 19. Qxe2 Rad8 20. Nb1 Bc7 21. Rd5 g6
22. fxg6 Qxg6 23. Nc3 Rxd5 24. Nxd5 Bd6 25. Bh3 Rd8 26. Bf5 Qg7 27. Qe3 Bf8 28.
Bh3 Kh8 29. Nh4 Kg8 30. Qf2 Qg5 31. b3 Bg7 32. Nf5 Qc1+ 33. Kg2 Qg5 34. Nfe3 Kf8
35. Bf5 f6 36. h4 Kf7 37. hxg5 1-0

[Event "Women's Speed Chess Q2"]
[Site "chess.com INT"]
[Date "2021.05.29"]
[Round "3"]
[White "Avramidou, Anastasia"]
[Black "Shuvalova, Polina"]
[Result "0-1"]
[WhiteTitle "FM"]
[BlackTitle "IM"]
[WhiteElo "2238"]
[BlackElo "2484"]
[WhiteFideId "4239873"]
[BlackFideId "24171760"]
[EventDate "2021.05.29"]

1. d4 Nf6 2. c4 e6 3. Nc3 Bb4 4. Bd2 O-O 5. Nf3 b6 6. Rc1 Bb7 7. a3 Be7 8. g3 c5
9. dxc5 bxc5 10. Bg2 Nc6 11. O-O Rc8 12. Bf4 d6 13. Qd2 h6 14. Rfd1 Ne8 15. Nb5
e5 16. Be3 Rb8 17. Nc3 Nc7 18. Qe1 Nd4 19. Bxd4 cxd4 20. Nb1 Bxf3 21. Bxf3 Rxb2
22. Qa5 Bg5 23. c5 Bxc1 24. Rxc1 dxc5 25. Qxc5 Qb8 26. Qxc7 Qxc7 27. Rxc7 Rxb1+
28. Kg2 Rd8 29. Rxa7 f5 30. Re7 e4 31. Bh5 Rb6 0-1

[Event "Women's Speed Chess Q2"]
[Site "chess.com INT"]
[Date "2021.05.29"]
[Round "3"]
[White "Borisova, Ekaterina"]
[Black "Eswaran, Ashritha"]
[Result "0-1"]
[WhiteTitle "FM"]
[BlackTitle "WIM"]
[WhiteElo "2268"]
[BlackElo "2244"]
[WhiteFideId "34124184"]
[BlackFideId "2080788"]
[EventDate "2021.05.29"]

1. d4 Nf6 2. c4 e6 3. g3 c5 4. d5 exd5 5. cxd5 d6 6. Nc3 g6 7. Bg2 Bg7 8. Nf3
O-O 9. O-O Re8 10. Bf4 Bf5 11. Nh4 Bc8 12. Qd2 Nh5 13. Bg5 Qa5 14. a4 Nd7 15. e4
a6 16. g4 Nhf6 17. h3 Ne5 18. Qe2 c4 19. Rfd1 Nd3 20. Qd2 Nd7 21. Be3 Nxb2 22.
Rdc1 Nd3 23. Bf1 Nxc1 24. Rxc1 b5 25. f4 b4 26. Ne2 Rxe4 27. Ng3 Rxe3 28. Qxe3
c3 29. Nf3 Qc5 30. Kf2 Qxe3+ 31. Kxe3 Nc5 32. a5 b3 33. Nd4 b2 34. Re1 Bd7 35.
Bd3 Re8+ 36. Ne4 Nxe4 37. Bxe4 f5 38. Ne6 fxe4 39. Kxe4 c2 0-1

[Event "Women's Speed Chess Q2"]
[Site "chess.com INT"]
[Date "2021.05.29"]
[Round "3"]
[White "Doluhanova, Evgeniya"]
[Black "Marjanovic, Annamaria"]
[Result "0-1"]
[WhiteTitle "WGM"]
[BlackTitle "WGM"]
[WhiteElo "2207"]
[BlackElo "2338"]
[WhiteFideId "14112035"]
[BlackFideId "750930"]
[EventDate "2021.05.29"]

1. Nf3 Nf6 2. c4 g6 3. Nc3 Bg7 4. g3 O-O 5. Bg2 d6 6. O-O e5 7. e4 a5 8. d4 Nc6
9. dxe5 Nxe5 10. Nxe5 dxe5 11. Bg5 c6 12. Qxd8 Rxd8 13. Na4 Be6 14. b3 h6 15.
Be3 Ng4 16. Bb6 Rd2 17. Rfd1 Rxd1+ 18. Rxd1 Bf8 19. h3 Nf6 20. Bc7 Nd7 21. Kf1
b5 22. cxb5 cxb5 23. Nc3 a4 24. Nxb5 axb3 25. axb3 Nc5 26. Bxe5 Bxb3 27. Rb1 Ba2
28. Rc1 Nd3 29. Nc7 Rc8 30. Ra1 Nxe5 31. Rxa2 Rxc7 32. f4 Rc1+ 33. Ke2 Nc6 34.
e5 Nd4+ 35. Kd2 Rg1 36. Bd5 Rxg3 37. Ra7 Bb4+ 38. Kc1 Ne6 39. Ra8+ Bf8 40. Ra7
Rxh3 41. f5 gxf5 0-1

[Event "Women's Speed Chess Q2"]
[Site "chess.com INT"]
[Date "2021.05.29"]
[Round "3"]
[White "Antova, Gabriela"]
[Black "Grigoryan, Meri"]
[Result "1-0"]
[WhiteTitle "FM"]
[BlackTitle "WFM"]
[WhiteElo "2250"]
[BlackElo "2044"]
[WhiteFideId "2915235"]
[BlackFideId "13300571"]
[EventDate "2021.05.29"]

1. e4 e5 2. Nf3 Nc6 3. Bb5 Nf6 4. O-O d6 5. Re1 Be7 6. c3 O-O 7. h3 a6 8. Ba4 b5
9. Bc2 Re8 10. d4 Bf8 11. Nbd2 Na5 12. Nf1 Nb7 13. a4 c6 14. Ng3 Bd7 15. Nh4 c5
16. Nhf5 cxd4 17. cxd4 bxa4 18. dxe5 dxe5 19. Bg5 Bxf5 20. Nxf5 Qxd1 21. Rexd1
Nc5 22. Bxf6 gxf6 23. f3 Red8 24. Kf1 Rxd1+ 25. Bxd1 Rd8 26. Ke2 Nb3 27. Bxb3
axb3 28. Rxa6 Rc8 29. Ne3 Kg7 30. Ra7 Bd6 31. Nf5+ Kg6 32. Nxd6 Rd8 33. Nf5 Rc8
34. Ne3 1-0

[Event "Women's Speed Chess Q2"]
[Site "chess.com INT"]
[Date "2021.05.29"]
[Round "3"]
[White "Vaishali, R"]
[Black "Zawadzka, Jolanta"]
[Result "1-0"]
[WhiteTitle "WGM"]
[BlackTitle "WGM"]
[WhiteElo "2393"]
[BlackElo "2399"]
[WhiteFideId "5091756"]
[BlackFideId "1122320"]
[EventDate "2021.05.29"]

1. e4 e5 2. Nf3 Nc6 3. Bb5 a6 4. Ba4 Nf6 5. O-O b5 6. Bb3 Bc5 7. a4 Bb7 8. c3 d6
9. d4 Bb6 10. Be3 O-O 11. Nbd2 exd4 12. cxd4 Na5 13. Bc2 Re8 14. Qb1 g6 15. Re1
Nh5 16. e5 b4 17. Be4 Qd7 18. h3 Bxe4 19. Qxe4 Nf6 20. Qh4 Nd5 21. Ne4 Qf5 22.
Nfg5 h5 23. g4 Qd7 24. gxh5 dxe5 25. Rad1 c6 26. dxe5 Bxe3 27. Rxd5 Bxf2+ 28.
Qxf2 Qf5 29. Nf6+ Kf8 30. Qxf5 gxf5 31. Rd7 Re7 32. Ngh7+ Kg7 33. Rxe7 Kh6 34.
Rxf7 Rd8 35. e6 Nc4 36. e7 Rd2 37. e8=Q Rxb2 38. Qf8# 1-0

[Event "Women's Speed Chess Q2"]
[Site "chess.com INT"]
[Date "2021.05.29"]
[Round "3"]
[White "Linares Napoles, Oleiny"]
[Black "Serikbay, Assel"]
[Result "1-0"]
[WhiteTitle "WGM"]
[BlackTitle "WIM"]
[WhiteElo "2255"]
[BlackElo "2228"]
[WhiteFideId "3504794"]
[BlackFideId "13706799"]
[EventDate "2021.05.29"]

1. d4 d5 2. Bf4 Nf6 3. e3 c5 4. c3 Nc6 5. Nd2 Bf5 6. Qb3 Qc8 7. h3 e6 8. Ngf3
Be7 9. Be2 O-O 10. O-O c4 11. Qd1 b5 12. Re1 b4 13. Ne5 bxc3 14. bxc3 Nxe5 15.
dxe5 Nd7 16. Nf3 Nc5 17. Nd4 Bg6 18. f3 Qa6 19. Qd2 Qa3 20. e4 dxe4 21. Bxc4
exf3 22. gxf3 Rfd8 23. Rac1 Rab8 24. Re2 Qa5 25. Kg2 Qc7 26. Qe3 Na4 27. Bb5 Nb6
28. c4 Bc5 29. Rd2 a6 30. Bxa6 Qa7 31. Bb5 Nc8 32. Rcd1 Ne7 33. Qc3 h6 34. a4
Bxd4 35. Rxd4 Rxd4 36. Qxd4 Qa5 37. c5 Nf5 38. Qd2 Qc7 39. Qf2 Rc8 40. c6 f6 41.
Rd7 Qa5 42. Bd2 Qa8 43. exf6 gxf6 44. Bc3 e5 45. Qa2+ Kh8 46. Qe6 Rg8 47. Qxf6+
Ng7 48. Qxg6 1-0